000 00299nam a22001217a 4500
008 180215b xxu||||| |||| 00| 0 eng d
041 _aeng
080 _a611.085
100 _a9
101 _aHIS
245 _aHistological typing of endocrine tumours
_cWorld health organization
942 _2udc
_cBK
999 _c42652
_d42652